|
|
|
|
| LEADER |
00875cam a2200217 7i4500 |
| 001 |
0000029936 |
| 005 |
20130816090000.0 |
| 022 |
0 |
0 |
|a 19850379
|
| 090 |
0 |
0 |
|a M 641.3025
|b MAL
|
| 245 |
0 |
0 |
|a Malaysia food business directory 2013/ 2014.
|
| 260 |
0 |
0 |
|a Shah Alam:
|b Marshall Cavedish,
|c 2013.
|
| 300 |
# |
# |
|a 250 p.
|
| 650 |
0 |
0 |
|a Food --
|x Directories --
|z Malaysia
|
| 650 |
0 |
0 |
|a Beverages --
|x Directories --
|z Malaysia
|
| 651 |
0 |
0 |
|a Malaysia
|
| 999 |
|
|
|a JHR000376H
|b Directories
|c Malaysia
|e MATRADE Southern Regional Office
|
| 999 |
|
|
|a 0000033019
|b Directories
|c Malaysia
|e Business Information Centre
|
| 999 |
|
|
|a PNG001087H
|b Directories
|c Malaysia
|e MATRADE Northern Regional Office
|
| 999 |
|
|
|a SBH001055H
|b Directories
|c Malaysia
|e MATRADE Sabah
|
| 999 |
|
|
|a SRW000482H
|b Directories
|c Malaysia
|e MATRADE Sarawak
|
| 999 |
|
|
|a TRG000366H
|b Directories
|c Malaysia
|e MATRADE Eastern Regional Office
|